000 00795nam a2200253Ia 4500
003 OSt
005 20221005133539.0
006 a|||||r|||| 00| 0
007 ta
008 221004b |||||||| |||| 00| 0 hin d
024 _a108000
037 _cTextual
040 _aCRL
_cCRL
_bhin
041 _2hin
_ahin
082 _aO152:g, K3
100 _aमाथुर, सुरेंद्र
245 0 _aआधुनिक हिन्दी काव्य
_b कृति और विद्या
246 _aĀdhunik hindī kāvya: kṛuti aur vidyā
260 _c1963
300 _a215पृ0
_ccm.
650 _aहिन्दी साहित्य
942 _hO152:g, K3
_cTEXL
_2cc
999 _c1067169
_d1067169